000 00593nam a22001937a 4500
003 OSt
005 20240227094842.0
008 180712t xxu||||| |||| 00| 0 eng d
020 _a9756877154
040 _c0
082 _a297.272
_bYAY
100 1 0 _aYayle,Atilla
_9121372
245 1 0 _aIslam, civil society aur mandi ki maeeshat/
_cAtilla Yayle
260 _aislamabad;
_bFictorial Printer;
_c1999.
300 _a166 p.:
_c20 cm.
650 _aDomocracy
_xReligious Aspects
_yIslam
_9121373
942 _2ddc
_cBK
_aSADA
_k297.272 YAY 1999
999 _c608287
_d608287